Fundamentals of accounting : (Record no. 284531)
[ view plain ]
| 000 -LEADER | |
|---|---|
| fixed length control field | 00618nam a2200181 a 4500 |
| 001 - CONTROL NUMBER | |
| control field | SSB056488 |
| 003 - CONTROL NUMBER IDENTIFIER | |
| control field | PILC |
| 005 - DATE AND TIME OF LATEST TRANSACTION | |
| control field | 20150601082233.0 |
| 008 - FIXED-LENGTH DATA ELEMENTS--GENERAL INFORMATION | |
| fixed length control field | |
| 020 ## - INTERNATIONAL STANDARD BOOK NUMBER | |
| International Standard Book Number | 9789719801924 |
| 050 ## - LIBRARY OF CONGRESS CALL NUMBER | |
| Classification number | HF 5635 |
| Item number | .Ad244 2014 |
| 100 ## - MAIN ENTRY--PERSONAL NAME | |
| Personal name | Aduana, Nick L. |
| 245 ## - TITLE STATEMENT | |
| Title | Fundamentals of accounting : |
| Remainder of title | sole proprietorship accounting for service and merchandising with introduction to manufacturing / |
| Statement of responsibility, etc | Nick L. Aduana. |
| 260 ## - PUBLICATION, DISTRIBUTION, ETC. (IMPRINT) | |
| Place of publication, distribution, etc | Quezon City : |
| Name of publisher, distributor, etc | C & E Publishing, Inc., |
| Date of publication, distribution, etc | 2014. |
| 300 ## - PHYSICAL DESCRIPTION | |
| Extent | xvi, 512 pages : |
| Dimensions | 23 cm. |
| Other physical details | illustrations ; |
| 650 ## - SUBJECT ADDED ENTRY--TOPICAL TERM | |
| Topical term or geographic name as entry element | Accounting. |
| 942 ## - ADDED ENTRY ELEMENTS (KOHA) | |
| Source of classification or shelving scheme | Library of Congress Classification |
| Koha item type | Books |
| Call number prefix | Foreign |
| Withdrawn status | Lost status | Source of classification or shelving scheme | Damaged status | Home library | Current library | Shelving location | Date acquired | Source of acquisition | Sub Shelving location | Total Checkouts | Total Renewals | Full call number | Barcode | Date last seen | Date checked out | Price effective from | Koha item type |
|---|---|---|---|---|---|---|---|---|---|---|---|---|---|---|---|---|---|
| Library of Congress Classification | College Library | College Library | Reserve Section | 06/01/2015 | Library Fund | 12 | 92 | HF 5635 .Ad244 2014 | C19452 | 06/22/2023 | 06/15/2023 | 06/01/2015 | Books |